The Role of Centrosema, Desmodium, and Stylosanthes in improving tropical pastures / (Record no. 14692)

000 -LEADER
fixed length control field 00564cam a2200205 a 4500
020 ## - INTERNATIONAL STANDARD BOOK NUMBER
ISBN 0865314012 (pbk.)
040 ## - CATALOGING SOURCE
Transcribing agency DLC
082 00 - DEWEY DECIMAL CLASSIFICATION NUMBER
Classification number 633 WES 1983 A052 Or.
245 04 - TITLE STATEMENT
Title The Role of Centrosema, Desmodium, and Stylosanthes in improving tropical pastures /
260 ## - PUBLICATION, DISTRIBUTION, ETC. (IMPRINT)
Place of publication Boulder, Colo. :
Name of publisher Westview Press,
Year of publication c1983.
300 ## - PHYSICAL DESCRIPTION
Number of Pages xxvii, 292 p. :
Other physical details ill. ;
Dimensions 23 cm.
650 #0 - SUBJECT ADDED ENTRY--TOPICAL TERM
Topical Term Legumes
650 #0 - SUBJECT ADDED ENTRY--TOPICAL TERM
Topical Term Centrosema
650 #0 - SUBJECT ADDED ENTRY--TOPICAL TERM
Topical Term Desmodium
650 #0 - SUBJECT ADDED ENTRY--TOPICAL TERM
Topical Term Stylosanthes
650 #0 - SUBJECT ADDED ENTRY--TOPICAL TERM
Topical Term Pastures
650 #0 - SUBJECT ADDED ENTRY--TOPICAL TERM
Topical Term Tropical crops.
700 1# - ADDED ENTRY--PERSONAL NAME
Personal name Burt, R. L.
942 ## - ADDED ENTRY ELEMENTS (KOHA)
Koha item type សៀវភៅភាសាអង់គ្លេស
952 ## - LOCATION AND ITEM INFORMATION (KOHA)
Withdrawn status [LOCAL, KOHA] 0
Holdings
Permanent Location Date acquired Koha item type Lost status Shelving location Barcode Current Location Full call number
Library Block A2017-10-24សៀវភៅភាសាអង់គ្លេស A052A20605Library Block A633 WES 1983 A052 Or.
មជ្ឈមណ្ឌលឯការនៃសាកលវិទ្យាល័យភូមិន្ទកសិកម្មចំការដូង

Powered by Koha